The sea around us
Contents: Mother sea, the restless sea; man and the sea about him.
Guardado en:
| Autor principal: | |
|---|---|
| Formato: | Libro |
| Lenguaje: | Undetermined |
| Publicado: |
New York
Oxford University Press
1951
|
| Materias: | |
| Etiquetas: |
Agregar Etiqueta
Sin Etiquetas, Sea el primero en etiquetar este registro!
|
| Thư viện lưu trữ: | Trung tâm Học liệu Trường Đại học Cần Thơ |
|---|
| LEADER | 00582nam a2200193Ia 4500 | ||
|---|---|---|---|
| 001 | CTU_219171 | ||
| 008 | 210402s9999 xx 000 0 und d | ||
| 082 | |a 758.2 | ||
| 082 | |b C321 | ||
| 100 | |a Carson, Rachel L. | ||
| 245 | 4 | |a The sea around us | |
| 245 | 0 | |c Rachel L. Carson | |
| 260 | |a New York | ||
| 260 | |b Oxford University Press | ||
| 260 | |c 1951 | ||
| 520 | |a Contents: Mother sea, the restless sea; man and the sea about him. | ||
| 650 | |a Sea in art,Biển trong nghệ thuật | ||
| 904 | |i Trúc | ||
| 980 | |a Trung tâm Học liệu Trường Đại học Cần Thơ | ||